=LDR 00000nam 2200000 4500 =001 INLIS000000000023078 =005 20130612121753 =008 ***********************************Ind** =035 ##$$0010-061300000023078 =041 ##$$a Ind =082 ##$$a 330.07 =090 ##$$a 330.07, Sug e =100 ##$$a Sugianto, Katijan =245 ##$$a Ekonomi untuk kelas 1 SLTP pendidikan dasar 9 tahun sesuai dengan kurikulum terbaru, Katijan Sugianto =260 ##$$a 1994 $b Surakarta =300 ##$$a ...hlm, ilus, 27 cm =650 ##$$a Ekonomi - Studi dan pengajaran =850 ##$$a NBPNMAT